[Event "Hammersmith CC op"]
[Site "London"]
[Date "2022.06.04"]
[Round "2"]
[White "Saunders, Michael K"]
[Black "Emms, John M"]
[Result "0-1"]
[WhiteElo "2078"]
[BlackElo "2508"]
[PlyCount "91"]
[EventDate "2022.06.04"]
[EventType "swiss"]
[EventRounds "6"]
[EventCountry "ENG"]
[SourceTitle "CBM 208 Extra"]
[Source "ChessBase"]
[SourceDate "2022.07.31"]
[SourceVersion "1"]
[SourceVersionDate "2022.07.31"]
[SourceQuality "1"]

1. e4 c5 2. d4 cxd4 3. c3 d3 4. Bxd3 Nc6 5. Nf3 d6 6. Qc2 g6 7. Bg5 Bg7 8. Nbd2 Nf6 9. Nc4 Be6 10. e5 dxe5 11. Ncxe5 Nxe5 12. Nxe5 Qa5 13. Qe2 0-0 14. 0-0 Ng4 15. Nf3 Bd5 16. Be4 e6 17. h3 Nf6 18. Bxd5 Nxd5 19. Qd2 Rac8 20. Bh6 Rfd8 21. Bxg7 Kxg7 22. Qd4+ Nf6 23. Qf4 Qc7 24. Qh4 Rd5 25. Rad1 Rcd8 26. Rd4 Rxd4 27. Nxd4 Rd5 28. f4 Qd6 29. g4 h6 30. g5 Ng8 31. Qg4 hxg5 32. fxg5 Ne7 33. h4 Nf5 34. Rf4 Qb6 35. h5 gxh5 36. Qxh5 Qxb2 37. Nxf5+ exf5 38. Qh6+ Kg8 39. Rf2 Rd1+ 40. Kg2 Qxc3 41. Rf3 Qd2+ 42. Rf2 Qd5+ 43. Rf3 Rd3 44. Qh5 Qxf3+ 45. Qxf3 Rxf3 46. Kxf3 0-1

[Event "Hammersmith CC op"]
[Site "London"]
[Date "2022.06.04"]
[Round "1"]
[White "Saunders, Michael K"]
[Black "Ward, Cian"]
[Result "1-0"]
[WhiteElo "2078"]
[BlackElo "1774"]
[PlyCount "57"]
[EventDate "2022.06.04"]
[EventType "swiss"]
[EventRounds "6"]
[EventCountry "ENG"]
[SourceTitle "CBM 208 Extra"]
[Source "ChessBase"]
[SourceDate "2022.07.31"]
[SourceVersion "1"]
[SourceVersionDate "2022.07.31"]
[SourceQuality "1"]

1. e4 e5 2. d4 exd4 3. c3 dxc3 4. Bc4 Bc5 5. Bxf7+ Kxf7 6. Qh5+ Kf8 7. Qxc5+ Qe7 8. Qxe7+ Kxe7 9. Nxc3 c6 10. Bg5+ Kf7 11. Nf3 d6 12. 0-0-0 Ke6 13. Bf4 Nf6 14. Ng5+ Ke7 15. Bxd6+ Ke8 16. Bc7 Nfd7 17. e5 Na6 18. Bd6 Nb6 19. Rd4 c5 20. Rf4 Bd7 21. Rf7 Rg8 22. e6 Bc6 23. Re7+ Kd8 24. Nf7+ Kc8 25. Rd1 Re8 26. Be5 Rg8 27. Nd6+ Kd8 28. Nf5+ Kc8 29. Rf7 1-0

[Event "Southend op 59th"]
[Site "Southend"]
[Date "2015.04.05"]
[Round "5"]
[White "Saunders, Michael K"]
[Black "Gregory, Stephen J"]
[Result "0-1"]
[WhiteElo "1840"]
[BlackElo "2059"]
[PlyCount "90"]
[EventDate "2015.04.03"]
[EventType "swiss"]
[EventRounds "7"]
[EventCountry "ENG"]
[SourceTitle "EXT 2017"]
[Source "ChessBase"]
[SourceDate "2016.10.25"]
[SourceVersion "1"]
[SourceVersionDate "2016.10.25"]
[SourceQuality "1"]

1. d4 Nf6 2. c4 Nc6 3. Nc3 e5 4. d5 Ne7 5. e4 Ng6 6. a3 Bc5 7. f3 c6 8. b4 Bxg1 9. Rxg1 d6 10. Be3 0-0 11. Qd2 cxd5 12. cxd5 a5 13. b5 a4 14. Bd3 Bd7 15. Kf2 Qa5 16. Rgc1 Rfc8 17. Rab1 h6 18. Rb4 Qd8 19. Nxa4 Rxc1 20. Qxc1 Ne8 21. Nb6 Nf4 22. Bf1 Ra5 23. a4 g5 24. Rc4 f5 25. Qd2 Ra8 26. Nxa8 Qxa8 27. Bb6 fxe4 28. fxe4 Nf6 29. Kg1 Qe8 30. Be2 Kg7 31. Qc2 h5 32. Rb4 Qg6 33. a5 N4xd5 34. Rc4 Nxb6 35. axb6 Kh6 36. Rc7 d5 37. exd5 Bf5 38. Qb3 Be4 39. d6 Nd5 40. d7 Qxb6+ 41. Kh1 Qxc7 42. Qa3 Qxd7 43. Qf8+ Qg7 44. Qd6+ Qf6 45. Qc7 Nxc7 0-1

[Event "Southend op 59th"]
[Site "Southend"]
[Date "2015.04.04"]
[Round "3"]
[White "Saunders, Michael K"]
[Black "Kalaiyalahan, Akshaya"]
[Result "0-1"]
[WhiteElo "1840"]
[BlackElo "2074"]
[PlyCount "92"]
[EventDate "2015.04.03"]
[EventType "swiss"]
[EventRounds "7"]
[EventCountry "ENG"]
[SourceTitle "EXT 2017"]
[Source "ChessBase"]
[SourceDate "2016.10.25"]
[SourceVersion "1"]
[SourceVersionDate "2016.10.25"]
[SourceQuality "1"]

1. d4 Nf6 2. c4 g6 3. Nc3 Bg7 4. e4 d6 5. Be2 0-0 6. Be3 e5 7. d5 Ne8 8. Qd2 f5 9. f3 f4 10. Bf2 Nd7 11. g4 Nc5 12. Bd1 a6 13. Nge2 Rb8 14. a4 a5 15. Rb1 Na6 16. Na2 b6 17. b4 axb4 18. Nxb4 Nxb4 19. Qxb4 Ra8 20. Nc3 Nf6 21. Qb3 Bd7 22. Qb2 Qc8 23. Nb5 Bxg4 24. fxg4 Nxe4 25. Qc2 Nxf2 26. Kxf2 f3 27. h3 Rf4 28. Kg3 Qf8 29. Rf1 e4 30. Nxc7 Be5 31. Kf2 Bd4+ 32. Ke1 f2+ 33. Kd2 Qh6 34. Be2 Rf7+ 35. Kd1 Rxc7 36. Qxe4 Bc5 37. Qd3 Rxa4 38. Rh1 Ra3 39. Rb3 Ra1+ 40. Rb1 Rca7 41. h4 Rxb1+ 42. Qxb1 Qe3 43. h5 Bd4 44. hxg6 Ra1 45. Qxa1 Bxa1 46. gxh7+ Kh8 0-1